| 000 | 00364nam a22001457a 4500 | ||
|---|---|---|---|
| 005 | 20250823121128.0 | ||
| 008 | 250823b |||||||| |||| 00| 0 eng d | ||
| 020 | _a9780300050226 | ||
| 050 |
_aBM497 _b.E5 NEU |
||
| 100 | _aNEUSNER JACOB | ||
| 245 | _aTHE MISHNAH | ||
| 260 |
_aNEW HAVEN _bYALE UNIVERSITY PRESS _cc1988 |
||
| 300 | _axiv, 1162p | ||
| 942 |
_2lcc _cBK _n0 |
||
| 999 |
_c7354 _d7354 |
||